Statistiques concernant Olympique Lyonnais (2019/2020)

Cliquez ici pour prendre le quiz!

Statistiques générales

  • Ce quiz a été pris 449 fois
    (369 depuis la dernière actualisation)
  • Le résultat moyen est 18 sur 28

Statistiques - réponses

NuméroPosteRéponse% Correct
1GardienAnthony Lopes
100%
8MilieuHoussem Aouar
94%
11AttaquantMemphis Depay
92%
20DéfenseurFernando Marçal
91%
9AttaquantMoussa Dembele
89%
5DéfenseurJason Denayer
85%
14DéfenseurLéo Dubois
85%
6DéfenseurMarcelo
84%
25MilieuMaxence Caqueret
83%
27AttaquantMaxwel Cornet
82%
18AttaquantRyan Cherki
74%
12MilieuThiago Mendes
71%
10AttaquantBertrand Traoré
70%
30GardienCiprian Tatarusanu
69%
29MilieuLucas Tousart
67%
4DéfenseurRafael
66%
23DéfenseurKenny Tete
58%
7AttaquantMartin Terrier
58%
17MilieuJeff Reine-Adélaïde
56%
19AttaquantAmine Gouiri
48%
3DéfenseurJoachim Andersen
47%
39MilieuBruno Guimaraes
41%
22MilieuJean Lucas
40%
28DéfenseurYoussouf Koné
38%
2DéfenseurMapou Yanga-Mbiwa
33%
16GardienAnthony Racciopi
32%
21AttaquantKarl Toko-Ekambi
25%
26DéfenseurOumar Solet
19%

Distribution des résultats

Percentile par nombre de réponses

% des personnes avec chaque résultat

Votre développement - résultats

Vous n’avez pas pris ce quiz depuis la dernière actualisation